000 00303nam a2200121Ia 4500
008 240731s9999 xx 000 0 und d
022 _a2694-1899
245 0 _aData Science in Science
260 _bTaylor & Francis
856 _uhttps://www.tandfonline.com/loi/udss20
942 _2ddc
942 _cTFEJ
999 _c76217
_d76217
945 _a1
_bMadushi Gamage
_c1
_dMadushi Gamage